UFC: Fastest Finishes - Statistics

General Stats
  • This quiz has been taken 217 times
    200 since last reset
  • The average score is 2 of 12
Answer Stats
Year Event Opponent Type Time Answer % Correct
2019 UFC 239 Ben Askren KO (flying knee) 0:05 Jorge Masvidal
99%
2015 UFC Fight Night 64 Seth Baczynski KO (punches) 0:08 Leon Edwards
24%
2021 UFC 263 Matt Frevola KO (punches) 0:07 Terrance McKinney
22%
2011 UFC 140 Mark Hominick KO (punches) 0:07 The Korean Zombie
16%
2006 UFC Fight Night 3 Jonathan Goulet KO (punch) 0:06 Duane Ludwig
14%
2012 UFC 149 Anthony Perosh KO (punch) 0:07 Ryan Jimmo
13%
2009 UFC 102 Tim Hague KO (punches) 0:07 Todd Duffee
11%
2015 UFC on Fox 14 Andy Ogle TKO (flying knee and punches) 0:08 Makwan Amirkhani
10%
1996 UFC 8 Thomas Ramirez KO (punch) 0:08 Don Frye
8%
2019 UFC Fight Night 154 Allen Crowder KO (punches) 0:09 Jairzinho Rozenstruik
8%
2008 UFC Fight Night 13 Houston Alexander TKO (superman punch and punches) 0:08 James Irvin
7%
2007 UFC Fight Night 11 Joe Veres KO (punch) 0:09 Gray Maynard
4%
No matching quizzes found
Score Distribution
Percent of People with Each Score
Percentile by Number Answered
Your Score History
You have not taken this quiz since the last reset